000 00709cam a22002413a 4500
001 4973
003 PGUSA
005 20140828083112.0
008 040101s2004||||xxu|||||s|||||000 | eng d
040 _aPGUSA
_beng
042 _adc
050 4 _aML
100 1 _aNiecks, Frederick,
_d1845-1924
245 1 0 _aFrederick Chopin, as a Man and Musician — Complete
_h[electronic resource] /
_cFrederick Niecks
260 _bProject Gutenberg,
_c2004
506 _aPublic domain in the USA.
516 _aElectronic text
653 _aChopin, Frédéric, 1810-1849
653 _aComposers -- Biography
830 0 _aProject Gutenberg
_v4973
856 4 0 _uhttp://www.gutenberg.org/ebooks/4973
942 _cEB
999 _c234302
_d234302